[Event "4NCL Division Two"]
[Site "Telford, ENG"]
[Date "2024.02.11"]
[EventDate "2024.02.11"]
[Round "6.42"]
[White "Maycock Bates, David Henry"]
[WhiteTitle "CM"]
[WhiteElo "2343"]
[WhiteTeam "CSC/Kingston 1"]
[Black "Scott, Gordon W"]
[BlackElo "2280"]
[BlackTeam "Anglian Avengers"]
[Result "1-0"]

1. e4 c6 2. d4 d5 3. Nc3 dxe4 4. Nxe4 Bf5 5. Ng3 Bg6 6. h4 h6 7. Nf3 e6 8. Ne5
Bh7 9. Bd3 Bxd3 10. Qxd3 Nd7 11. f4 Ngf6 12. Bd2 Bd6 13. O-O-O Qc7 14. Kb1 Rf8
15. Ne4 Nxe4 16. Qxe4 Nf6 17. Qe2 O-O-O 18. Rh3 h5 19. Rb3 Bxe5 20. fxe5 Ng4
21. Bb4 Rfe8 22. Bd6 Rxd6 23. exd6 Qxd6 24. d5 cxd5 25. Rxb7 Kxb7 26. Qb5+ Qb6
27. Qd7+ Ka6 28. Qa4+ Kb7 29. Qxe8 Ne3 30. Re1 d4 31. Qxf7+ Ka6 32. Qxh5 Qb4
33. Qe2+ Nc4 34. Qxe6+ Ka5 35. Qd5+ Ka4 36. Qxc4 1-0

[Event "4NCL Division Two"]
[Site "Telford, ENG"]
[Date "2024.02.11"]
[EventDate "2024.02.11"]
[Round "6.43"]
[White "Lewis, Andrew P"]
[WhiteTitle "FM"]
[WhiteElo "2258"]
[WhiteTeam "Anglian Avengers"]
[Black "Finn, Peter"]
[BlackTitle "CM"]
[BlackElo "2278"]
[BlackTeam "CSC/Kingston 1"]
[Result "1/2-1/2"]

1. d4 Nf6 2. c4 e6 3. Nc3 Bb4 4. f3 c5 5. d5 b5 6. e4 O-O 7. Nge2 bxc4 8. Nf4
Ba6 9. Be2 exd5 10. Nfxd5 Nxd5 11. Qxd5 Nc6 12. O-O Qf6 13. Be3 Nd4 14. Bd1 d6
15. Qg5 Qxg5 16. Bxg5 f6 17. Bf4 Rfd8 18. Nd5 Bb7 19. Rc1 Bxd5 20. exd5 g5 21.
Be3 Nf5 22. Bf2 Re8 23. Rxc4 Ne3 24. Bxe3 Rxe3 25. Ba4 Re2 26. Rf2 Re1+ 27. Rf1
Re2 28. Rf2 Re1+ 1/2-1/2

[Event "4NCL Division Two"]
[Site "Telford, ENG"]
[Date "2024.02.11"]
[EventDate "2024.02.11"]
[Round "6.44"]
[White "Lalic, Peter D"]
[WhiteTitle "CM"]
[WhiteElo "2268"]
[WhiteTeam "CSC/Kingston 1"]
[Black "Walker, Martin G"]
[BlackTitle "FM"]
[BlackElo "2191"]
[BlackTeam "Anglian Avengers"]
[Result "1-0"]

1. d3 e6 2. Nc3 d5 3. e4 d4 4. Nb1 g6 5. Nd2 Bg7 6. g3 b6 7. Bg2 Bb7 8. Ngf3
Ne7 9. Nc4 O-O 10. h4 f6 11. h5 e5 12. h6 Bh8 13. c3 Nbc6 14. O-O Bc8 15. cxd4
exd4 16. b4 a6 17. Bb2 Be6 18. a4 Nxb4 19. Nxd4 Bf7 20. Ne3 c5 21. Ndf5 Nec6
22. d4 cxd4 23. Nxd4 Rc8 24. Bh3 Rb8 25. Ne6 Qxd1 26. Rfxd1 Rfe8 27. Ng7 Bxg7
28. hxg7 Ne5 29. f4 Ned3 30. Bxf6 Rxe4 31. Ng4 1-0

[Event "4NCL Division Two"]
[Site "Telford, ENG"]
[Date "2024.02.11"]
[EventDate "2024.02.11"]
[Round "6.45"]
[White "Talsma, Paul"]
[WhiteElo "2160"]
[WhiteTeam "Anglian Avengers"]
[Black "Wilson, Ewan"]
[BlackElo "2185"]
[BlackTeam "CSC/Kingston 1"]
[Result "1-0"]

1. d4 d5 2. c4 c6 3. Nf3 Nf6 4. Nc3 e6 5. Bg5 h6 6. Bh4 dxc4 7. e4 g5 8. Bg3 b5
9. e5 Nd5 10. Nd2 Bb7 11. Be2 Nd7 12. a4 Qb6 13. Nde4 a5 14. O-O b4 15. Nb1 Ba6
16. Re1 c5 17. Nbd2 c3 18. bxc3 cxd4 19. cxd4 Qxd4 20. Bxa6 Rxa6 21. Qe2 Rc6
22. Nb3 Qb6 23. Qh5 Bg7 24. Nd6+ Rxd6 25. exd6 Bxa1 26. Rxa1 Nc5 27. Nxc5 Qxc5
28. Be5 Rg8 29. Qe2 Kd7 30. Qh5 Rg6 31. Qd1 Nc3 32. Qe1 Rg8 33. h3 Rc8 34. Kh2
Qd5 35. Qe3 Rc5 36. f4 gxf4 37. Bxf4 e5 38. Bxh6 b3 39. Qf2 Ne4 40. Qf5+ Kd8
41. Bg5+ Nxg5 42. Qxg5+ Kc8 43. Qg4+ Kb8 44. Rd1 b2 45. Rxd5 Rxd5 46. Qg8+ Kb7
47. Qxf7+ 1-0

[Event "4NCL Division Two"]
[Site "Telford, ENG"]
[Date "2024.02.11"]
[EventDate "2024.02.11"]
[Round "6.46"]
[White "Farrand, Tom"]
[WhiteElo "2145"]
[WhiteTeam "CSC/Kingston 1"]
[Black "Samarakoon, Vivash Ransara"]
[BlackElo "2142"]
[BlackTeam "Anglian Avengers"]
[Result "1/2-1/2"]

1. c4 e5 2. g3 Nf6 3. Bg2 c6 4. Nc3 Bc5 5. e3 O-O 6. Nge2 h6 7. O-O d6 8. d4
Bb6 9. b3 Bf5 10. Ba3 exd4 11. Nxd4 Bg4 12. Nde2 Bc7 13. h3 Be6 14. Qd4 Qc8 15.
Nf4 Rd8 16. Rad1 Na6 17. Nxe6 Qxe6 18. Bb2 Bb6 19. Qh4 Kh7 20. g4 Qe5 21. Na4
Qg5 22. Qxg5 hxg5 23. Nxb6 axb6 24. a3 Ne8 25. Be4+ Kg8 26. Kg2 Nc5 27. Bc2 Nc7
28. Rh1 d5 29. b4 N5e6 30. cxd5 Rxd5 31. Bb3 Rdd8 32. Kg3 c5 33. h4 gxh4+ 34.
Kxh4 b5 35. bxc5 Nxc5 36. Bc2 N7e6 37. g5 Rac8 38. g6 Na4 39. gxf7+ Kxf7 40.
Bxa4 Rh8+ 41. Kg3 Rxh1 42. Rxh1 bxa4 43. Rd1 Ke7 44. f4 Rc5 45. Be5 Rb5 46.
Bd6+ Ke8 47. Kg4 Rb3 48. e4 b6 49. Kf5 Nd8 50. e5 Kf7 51. Bc7 g6+ 52. Ke4 Ne6
53. Bd6 Rc3 1/2-1/2

[Event "4NCL Division Two"]
[Site "Telford, ENG"]
[Date "2024.02.11"]
[EventDate "2024.02.11"]
[Round "6.47"]
[White "Stork, Christopher"]
[WhiteElo "2066"]
[WhiteTeam "Anglian Avengers"]
[Black "Frostick, Clive A"]
[BlackElo "2115"]
[BlackTeam "CSC/Kingston 1"]
[Result "0-1"]

1. d4 d5 2. c4 e6 3. Nf3 Nf6 4. g3 Be7 5. Bg2 O-O 6. O-O c6 7. Nc3 Nbd7 8. b3
b6 9. Bb2 Ba6 10. Nd2 b5 11. Qc2 Rc8 12. e4 Nb6 13. Rfd1 bxc4 14. bxc4 Nxc4 15.
Nxc4 Bxc4 16. Na4 Nd7 17. Qd2 Rb8 18. Bc3 Qc7 19. Nb2 Ba6 20. Rac1 Qb7 21. Nd3
Ba3 22. Rc2 Bb5 23. Nc5 Nxc5 24. dxc5 f6 25. exd5 exd5 26. Qf4 Bxc5 27. Rcd2
Bc4 28. h4 Qf7 29. Bh3 Rbe8 30. Bf5 Re7 31. Kg2 Rfe8 32. Rb1 Re2 33. Rxe2 Rxe2
34. Rb8+ Re8 35. Rxe8+ Qxe8 36. Qg4 Qe2 37. Qxe2 Bxe2 38. a4 d4 39. Bd2 Bd6 40.
f4 Bc4 41. Kf3 Bb3 42. a5 Bd5+ 43. Ke2 g6 44. Bc8 c5 45. Kd3 Kf7 46. Ba6 Ke6
47. Bb5 Bg2 48. Ke2 Kd5 49. Ba6 Bh3 50. Bb7+ Kc4 51. Ba6+ Kb3 52. Bb7 c4 53.
Bd5 Bg4+ 54. Ke1 Bb4 0-1

[Event "4NCL Division Two"]
[Site "Telford, ENG"]
[Date "2024.02.11"]
[EventDate "2024.02.11"]
[Round "6.48"]
[White "Frostick, Helen M"]
[WhiteElo "1851"]
[WhiteTeam "CSC/Kingston 1"]
[Black "Korchagina, Polina"]
[BlackElo "1196"]
[BlackTeam "Anglian Avengers"]
[Result "1/2-1/2"]

1. e4 c5 2. Nf3 Nc6 3. d4 cxd4 4. Nxd4 Nf6 5. Nc3 d6 6. Be2 g6 7. O-O Bg7 8.
Be3 O-O 9. h3 Bd7 10. Qd2 a6 11. Nxc6 Bxc6 12. f3 Re8 13. Rfd1 Rc8 14. a4 Qc7
15. a5 1/2-1/2

[Event "4NCL Division Two"]
[Site "Telford, ENG"]
[Date "2024.02.11"]
[EventDate "2024.02.11"]
[Round "6.51"]
[White "Merry, Alan B"]
[WhiteTitle "IM"]
[WhiteElo "2441"]
[WhiteTeam "Barbican 4NCL"]
[Black "Chopra, Tanmay"]
[BlackTitle "FM"]
[BlackElo "2387"]
[BlackTeam "Cambridge University 1"]
[Result "1-0"]

1. d4 Nf6 2. c4 e6 3. g3 Bb4+ 4. Bd2 Be7 5. Bg2 d5 6. Nf3 O-O 7. O-O c6 8. Qc2
Nbd7 9. a4 a5 10. Na3 Ne4 11. Bf4 g5 12. Be3 f5 13. Rad1 Bd6 14. Bc1 Qf6 15.
Ne1 g4 16. f3 gxf3 17. exf3 Ng5 18. Kh1 Nf7 19. Rg1 Nh8 20. Bf1 Ng6 21. Ng2 Kh8
22. Bh6 Rf7 23. Qc1 Bf8 24. Nc2 Bxh6 25. Qxh6 dxc4 26. Bxc4 b5 27. axb5 Nb6 28.
Be2 cxb5 29. Bxb5 Bb7 30. Be2 f4 31. Rgf1 Rc8 32. Nce1 Nc4 33. Nd3 Nxb2 34.
Nxb2 Rc2 35. Nc4 Rxe2 36. Nd6 fxg3 37. Rb1 Rxg2 38. Nxf7+ Qxf7 39. Kxg2 Nf4+
40. Kxg3 Nh5+ 41. Kg2 Nf4+ 42. Kh1 Ng6 43. Kg1 Qd7 44. Rf2 a4 45. h4 a3 46. h5
a2 47. Rxa2 Qxd4+ 48. Rf2 Nf4 49. Qf8# 1-0

[Event "4NCL Division Two"]
[Site "Telford, ENG"]
[Date "2024.02.11"]
[EventDate "2024.02.11"]
[Round "6.52"]
[White "Bisby, Daniel L"]
[WhiteTitle "FM"]
[WhiteElo "2277"]
[WhiteTeam "Cambridge University 1"]
[Black "Taylor, Martin R"]
[BlackTitle "FM"]
[BlackElo "2345"]
[BlackTeam "Barbican 4NCL"]
[Result "0-1"]

1. e4 e5 2. Nf3 Nc6 3. Bc4 Be7 4. d4 exd4 5. c3 Na5 6. Bd3 dxc3 7. Nxc3 d6 8.
h3 Nf6 9. O-O O-O 10. Bf4 Nc6 11. Qe2 Nd7 12. Rfd1 Bf6 13. Rac1 Nde5 14. Bb5
Nxf3+ 15. Qxf3 Ne5 16. Qg3 a6 17. Bf1 Be6 18. Nd5 Bxd5 19. exd5 Re8 20. Qb3 Rb8
21. Rc2 Nd7 22. Rdc1 Nc5 23. Qf3 a5 24. Bb5 Re7 25. b3 Ra8 26. a3 Nd7 27. Rxc7
Ne5 28. Bxe5 Rxc7 29. Rxc7 Qxc7 30. Bxf6 gxf6 31. Qxf6 Qd8 32. Qf5 Qe7 33. Bd3
Qe1+ 34. Bf1 Qe5 35. Qd7 Qxd5 36. Bc4 Qd1+ 37. Kh2 Rf8 38. Qxb7 Qd4 39. Qf3 Qc5
40. Qg3+ Kh8 41. f4 Qd4 42. a4 d5 43. Bb5 Rg8 44. Qh4 Rg6 45. Bf1 Kg7 46. g3
Qf6 47. Qh5 Qc3 48. Qh4 Qxb3 49. Bg2 Qd3 50. g4 Qe3 51. g5 h6 0-1

[Event "4NCL Division Two"]
[Site "Telford, ENG"]
[Date "2024.02.11"]
[EventDate "2024.02.11"]
[Round "6.53"]
[White "Pigott, John C"]
[WhiteTitle "IM"]
[WhiteElo "2320"]
[WhiteTeam "Barbican 4NCL"]
[Black "McClement, Andrew"]
[BlackElo "2221"]
[BlackTeam "Cambridge University 1"]
[Result "1-0"]

1. e4 c5 2. Nf3 d6 3. d4 cxd4 4. Nxd4 Nf6 5. Nc3 e6 6. g4 h6 7. Rg1 Be7 8. Be3
Nc6 9. Qe2 Nxd4 10. Bxd4 e5 11. Be3 Be6 12. O-O-O Rc8 13. Qb5+ Qd7 14. Bxa7
Bxg4 15. Qxd7+ Kxd7 16. Bb5+ Kc7 17. Rxg4 Ra8 18. Rxg7 Rxa7 19. Rxf7 Kd8 20. f4
exf4 21. e5 Ng4 22. exd6 Bg5 23. d7 Ne5 24. Rf5 Nc6 25. Kb1 Ra5 26. a4 Kc7 27.
Ne4 Raa8 28. Nc5 Kb6 29. Ne6 1-0

[Event "4NCL Division Two"]
[Site "Telford, ENG"]
[Date "2024.02.11"]
[EventDate "2024.02.11"]
[Round "6.54"]
[White "Gallagher, Daniel GH"]
[WhiteElo "2217"]
[WhiteTeam "Cambridge University 1"]
[Black "Cox, John J"]
[BlackTitle "IM"]
[BlackElo "2263"]
[BlackTeam "Barbican 4NCL"]
[Result "1-0"]

1. e4 Nf6 2. Nc3 e5 3. d4 exd4 4. Qxd4 Nc6 5. Qd3 Bb4 6. Bd2 O-O 7. O-O-O Re8
8. f3 d6 9. g4 Be6 10. a3 Ba5 11. g5 Ne5 12. Qe2 Nh5 13. Qg2 Nc4 14. Bxc4 Bxc4
15. Nge2 Bxe2 16. Nxe2 Bxd2+ 17. Rxd2 Qe7 18. Kb1 Rad8 19. Qg4 g6 20. Ng3 Ng7
21. f4 f5 22. exf5 Nxf5 23. Nxf5 gxf5 24. Qxf5 Qe4 25. Qxe4 Rxe4 26. Rf2 Rf8
27. f5 Rg4 28. h4 Re8 29. Rh3 Ree4 30. Rb3 b6 31. Rc3 Rc4 32. Rxc4 Rxc4 33. Re2
Rxh4 34. f6 Rc4 35. Re8+ Kf7 36. Re7+ Kg8 37. Re8+ Kf7 38. Re7+ Kg8 39. Rg7+
Kh8 40. Rd7 Kg8 41. Rg7+ Kh8 42. c3 a5 43. Kc2 a4 44. Kd3 Rg4 45. Ke3 Rg2 46.
Kf4 h6 47. Kf5 1-0

[Event "4NCL Division Two"]
[Site "Telford, ENG"]
[Date "2024.02.11"]
[EventDate "2024.02.11"]
[Round "6.55"]
[White "Sowray, Peter J"]
[WhiteTitle "FM"]
[WhiteElo "2187"]
[WhiteTeam "Barbican 4NCL"]
[Black "Hill, Alistair"]
[BlackElo "2179"]
[BlackTeam "Cambridge University 1"]
[Result "1/2-1/2"]

1. d4 Nf6 2. c4 g6 3. Nc3 d5 4. Nf3 Bg7 5. cxd5 Nxd5 6. e4 Nxc3 7. bxc3 c5 8.
Bb5+ Nc6 9. O-O O-O 10. Bxc6 bxc6 11. Qc2 Ba6 12. Rd1 Qa5 13. Rb1 Bb5 14. Qb2
Rab8 15. Bf4 Rb7 16. Be5 Ba6 17. Qc2 Rxb1 18. Rxb1 f6 19. Bg3 Bc4 20. Rb2 Rd8
21. h4 Qa6 22. Qb1 Bd3 23. Qe1 Qa3 24. Rb7 Re8 25. d5 Qxa2 26. dxc6 Qa6 27. Qe3
Qxc6 28. Rxa7 Bxe4 29. Rc7 Qd5 30. Rxc5 Qd1+ 31. Kh2 Bxf3 32. gxf3 Qb3 33. Rc7
Bf8 34. c4 Qxe3 35. fxe3 Kf7 36. c5 Ke6 37. e4 Bh6 38. Ra7 Be3 39. Ra6+ Kf7 40.
c6 Rc8 41. Kg2 e5 42. Be1 Bc5 43. Ba5 h5 1/2-1/2

[Event "4NCL Division Two"]
[Site "Telford, ENG"]
[Date "2024.02.11"]
[EventDate "2024.02.11"]
[Round "6.56"]
[White "Starley, Robert"]
[WhiteElo "2038"]
[WhiteTeam "Cambridge University 1"]
[Black "Navarro Cia, Miguel"]
[BlackTitle "FM"]
[BlackElo "2222"]
[BlackTeam "Barbican 4NCL"]
[Result "0-1"]

1. e4 e6 2. d4 d5 3. Nc3 Bb4 4. e5 c5 5. a3 Ba5 6. f4 cxd4 7. Qxd4 Nc6 8. Bb5
Nge7 9. Bd2 a6 10. Bxc6+ bxc6 11. Na4 O-O 12. Nf3 Nf5 13. Qc5 Bc7 14. O-O-O Rb8
15. g4 Ne7 16. Nd4 Bd7 17. h4 Rb5 18. Nxb5 axb5 19. Nc3 Bb6 20. Qd6 c5 21. f5
Nc8 22. Qb8 Bc6 23. Bg5 Qd7 24. Nxd5 Bxd5 25. fxe6 fxe6 26. Rhf1 Ba7 27. Rxf8+
Kxf8 28. Qa8 Ke8 29. Rxd5 exd5 30. Kb1 h6 31. Bd2 Kf7 32. g5 h5 33. Bc3 Ke6 34.
b4 c4 35. Bb2 g6 36. Bc3 Kf5 37. Ka2 Bf2 38. Qa6 Nb6 39. Be1 Bd4 40. Bc3 Bxc3
41. Qxb6 Bxe5 42. Qf2+ Bf4 43. Qf3 Qe6 44. Qh3+ Ke5 45. Qc3+ d4 46. Qf3 d3 47.
a4 Qd5 48. Qd1 dxc2 49. Qxc2 Qd2 50. Qxd2 Bxd2 0-1

[Event "4NCL Division Two"]
[Site "Telford, ENG"]
[Date "2024.02.11"]
[EventDate "2024.02.11"]
[Round "6.57"]
[White "Lauterbach, Ingrid"]
[WhiteTitle "WIM"]
[WhiteElo "2025"]
[WhiteTeam "Barbican 4NCL"]
[Black "Sivanandan, Bodhana"]
[BlackTitle "WCM"]
[BlackElo "2067"]
[BlackTeam "Cambridge University 1"]
[Result "1/2-1/2"]

1. Nf3 d5 2. g3 Nf6 3. d4 c6 4. Bg2 Bf5 5. O-O e6 6. Nbd2 h6 7. c4 Be7 8. b3
O-O 9. Bb2 Nbd7 10. Ne5 Bd6 11. Ndf3 Qe7 12. a3 Rfd8 13. Nxd7 Qxd7 14. c5 Bc7
15. b4 Be4 16. Ne5 Bxe5 17. dxe5 Bxg2 18. Kxg2 Nh7 19. Qd4 a6 20. Rfd1 Qe7 21.
f3 Nf8 22. h4 Rd7 23. a4 Rdd8 24. h5 Nh7 25. Rh1 f6 26. Rad1 fxe5 27. Qxe5 Qf6
28. Rh4 Qxe5 29. Bxe5 Nf6 30. Bxf6 gxf6 31. Rg4+ Kf7 32. Rg6 Rh8 33. e4 Rag8
34. exd5 exd5 35. Rxg8 Rxg8 36. b5 axb5 37. axb5 Ra8 38. bxc6 bxc6 39. Rb1 Ra5
40. Rb7+ Ke6 41. Rh7 Rxc5 42. Rxh6 d4 43. g4 Rd5 44. Kf2 c5 45. Rh8 Kf7 46. Rc8
Kg7 47. Ke2 Rg5 48. Kd3 Kh7 49. Rc7+ Kg8 50. Rd7 Kf8 51. Kc4 Kg8 52. Rc7 Re5
53. h6 Rg5 54. Rd7 Kh8 55. Rf7 f5 56. gxf5 Rh5 57. Kxc5 d3 58. Kc4 d2 59. Rd7
Rxf5 60. Rxd2 Rxf3 61. Rd6 Rf1 62. Kd4 Rd1+ 63. Ke5 Rxd6 64. Kxd6 Kh7 65. Ke7
Kxh6 1/2-1/2

[Event "4NCL Division Two"]
[Site "Telford, ENG"]
[Date "2024.02.11"]
[EventDate "2024.02.11"]
[Round "6.58"]
[White "Chan, Nevil"]
[WhiteElo "1990"]
[WhiteTeam "Cambridge University 1"]
[Black "Patel, Diah"]
[BlackElo "1503"]
[BlackTeam "Barbican 4NCL"]
[Result "1-0"]

1. d4 d5 2. Nc3 Nf6 3. Bg5 e6 4. Nf3 g6 5. e3 Bg7 6. Bd3 O-O 7. O-O Nc6 8. Ne5
h6 9. Bh4 g5 10. Bg3 Nb4 11. Be2 Nd7 12. a3 Nc6 13. Nd3 f5 14. f4 g4 15. Ne5
Ncxe5 16. fxe5 Qg5 17. Nb5 Nb6 18. Nxc7 Rb8 19. Bf4 Qh4 20. Nb5 a6 21. Nd6 h5
22. Qe1 Qe7 23. Qa5 Nc4 24. Bxc4 dxc4 25. Nxc4 b5 26. Nd6 Bb7 27. Qe1 h4 28.
Rc1 h3 29. gxh3 gxh3 30. Nxb7 Rxb7 31. Qg3 Qe8 32. Qxh3 Bh8 33. Qf3 Rg7+ 34.
Kh1 Rg4 35. Rg1 Qh5 36. Rxg4+ fxg4 37. Rg1 Bg7 38. Qxg4 Qh7 39. Qxe6+ Kh8 40.
Qg6 Qg8 41. Qh5+ Qh7 42. Qxh7+ Kxh7 43. Kg2 Rg8 44. Kf3 Rc8 45. c3 Bh6 46. Bxh6
Kxh6 47. d5 Rf8+ 48. Ke4 Re8 49. d6 Ra8 50. Kd5 Re8 51. d7 Rd8 52. e6 Rf8 53.
e7 Rh8 54. d8=Q Rxd8+ 55. exd8=Q a5 56. Qh8# 1-0

[Event "4NCL Division Two"]
[Site "Telford, ENG"]
[Date "2024.02.11"]
[EventDate "2024.02.11"]
[Round "6.61"]
[White "Chopra, Manmay"]
[WhiteElo "2235"]
[WhiteTeam "Cambridge University 2"]
[Black "Grant, David J"]
[BlackElo "2202"]
[BlackTeam "Sussex Martlets 1"]
[Result "0-1"]

1. e4 c6 2. Nf3 d5 3. d3 Bg4 4. Be2 e6 5. h3 Bh5 6. c3 Nf6 7. e5 Nfd7 8. Bf4 c5
9. Qb3 Qc7 10. O-O Nc6 11. Re1 Be7 12. Nbd2 O-O 13. Bg3 b5 14. Qd1 Qb6 15. b3
Bg6 16. Nf1 b4 17. cxb4 Qxb4 18. Ne3 a5 19. Nc2 Qb6 20. Rb1 Ra7 21. Qd2 Qc7 22.
a4 Rb7 23. Na3 Na7 24. Qa2 h6 25. Bf4 Rfb8 26. Bf1 Bf8 27. Bd2 Rc8 28. Rbc1 Qb6
29. Rb1 Qc7 30. Rb2 Nb8 31. d4 Qb6 32. Nb5 Nbc6 33. Bc3 Nb4 34. Bxb4 cxb4 35.
Qa1 Nxb5 36. axb5 Rc3 37. Ra2 Rxb3 38. Rxa5 Ra3 39. Rxa3 bxa3 40. Re3 Qa5 41.
Rc3 Rc7 42. Rxc7 Qxc7 43. Ne1 Qa5 44. Nf3 Qb4 45. Qe1 a2 46. Nd2 Bb1 0-1

[Event "4NCL Division Two"]
[Site "Telford, ENG"]
[Date "2024.02.11"]
[EventDate "2024.02.11"]
[Round "6.62"]
[White "Graham, David B"]
[WhiteElo "2157"]
[WhiteTeam "Sussex Martlets 1"]
[Black "Lee, Richard W Y"]
[BlackElo "2116"]
[BlackTeam "Cambridge University 2"]
[Result "1/2-1/2"]

1. e4 e5 2. Nf3 Nf6 3. d4 Nxe4 4. Bd3 d5 5. Nxe5 Nd7 6. O-O Nxe5 7. dxe5 Nc5 8.
Nc3 c6 9. Ne2 Bg4 10. f3 Nxd3 11. Qxd3 Bc5+ 12. Be3 Bf5 13. Qxf5 Bxe3+ 14. Kh1
Qd7 15. Qd3 Bb6 16. Rae1 O-O-O 17. Nd4 Rde8 18. f4 g6 19. b4 Re7 20. a4 Rhe8
21. a5 Bxd4 22. Qxd4 Kb8 23. Rf3 Qf5 24. Qd3 f6 25. Qxf5 gxf5 26. Rfe3 Kc7 27.
Kg1 Kd7 28. Kf2 fxe5 29. fxe5 Ke6 30. a6 Rg8 31. Rc3 Rb8 32. axb7 Rc7 33. Rh3
Re7 34. Rh6+ Kd7 35. Rd6+ Kc7 36. Rf6 Rxb7 37. c3 d4 38. cxd4 Rxb4 39. Ke3 Rd7
40. Rd1 c5 41. Rc1 Rbxd4 42. Rxc5+ Kd8 43. Rxf5 Rh4 44. Rf8+ Ke7 45. Rcc8 Ke6
46. Rfe8+ Re7 47. Rc6+ Kd7 48. Rxe7+ Kxe7 49. Rc7+ Ke6 50. Rxa7 1/2-1/2

[Event "4NCL Division Two"]
[Site "Telford, ENG"]
[Date "2024.02.11"]
[EventDate "2024.02.11"]
[Round "6.63"]
[White "Atako, Chino C"]
[WhiteElo "2129"]
[WhiteTeam "Cambridge University 2"]
[Black "Kolani, Arjun"]
[BlackElo "2112"]
[BlackTeam "Sussex Martlets 1"]
[Result "1-0"]

1. e4 e5 2. Nf3 Nc6 3. Bc4 Bc5 4. c3 Nf6 5. d4 exd4 6. e5 d5 7. Bb5 Ne4 8. cxd4
Bb6 9. Nc3 O-O 10. Be3 Ba5 11. Rc1 f6 12. O-O Bxc3 13. bxc3 Ne7 14. Nd2 Bf5 15.
Nxe4 Bxe4 16. exf6 Rxf6 17. f3 Bf5 18. Bg5 Rg6 19. Qd2 h6 20. Bh4 Re6 21. Rfe1
g5 22. Rxe6 Bxe6 23. Re1 Bf7 24. Bg3 Ng6 25. Bd3 Qd7 26. Qc2 Kg7 27. Bf5 Qc6
28. Re3 Re8 29. Qe2 Kf8 30. Bxg6 Bxg6 31. Be5 Kg8 32. Qf2 Qb6 33. h4 c6 34.
hxg5 hxg5 35. Qg3 Qb1+ 36. Re1 Qf5 37. Qh2 Bh7 38. Qg3 Bg6 39. Qf2 Bf7 40. g4
Qd3 41. Re3 Qg6 42. Kg2 Be6 43. Re1 Re7 44. Bd6 Rf7 45. Qe3 Bd7 46. Be7 Qc2+
47. Re2 Qd1 48. Bxg5 Rh7 49. Re1 Qc2+ 50. Qd2 Qg6 51. Kg3 Rg7 52. Re5 Qb1 53.
Re1 Qg6 54. Re5 Qb1 55. Re7 Qg1+ 56. Kf4 Rxe7 57. Bxe7 Kf7 58. Bg5 b6 59. Ke5
Qg3+ 60. Qf4+ Qxf4+ 61. Bxf4 Be8 62. Kd6 b5 63. Bg5 a5 64. a3 a4 65. Bd8 Kg7
66. f4 Kg6 67. Ke7 Bf7 68. f5+ Kg7 69. Kd7 c5 70. dxc5 d4 71. cxd4 b4 72. Ba5
1-0

[Event "4NCL Division Two"]
[Site "Telford, ENG"]
[Date "2024.02.11"]
[EventDate "2024.02.11"]
[Round "6.64"]
[White "Rogacewicz, Mikolaj"]
[WhiteElo "2149"]
[WhiteTeam "Sussex Martlets 1"]
[Black "Gooding, Ian"]
[BlackElo "1910"]
[BlackTeam "Cambridge University 2"]
[Result "1-0"]

1. d4 d5 2. c4 c6 3. Nf3 Nf6 4. e3 Bf5 5. Nc3 e6 6. Nh4 Bg6 7. Qb3 Qb6 8. Nxg6
Qxb3 9. axb3 hxg6 10. c5 Nbd7 11. b4 Be7 12. b5 O-O 13. bxc6 bxc6 14. b4 a6 15.
Rxa6 Rxa6 16. Bxa6 Ra8 17. Be2 Rb8 18. b5 cxb5 19. Nxb5 e5 20. O-O Nf8 21. Bd2
exd4 22. exd4 Ne4 23. Bf4 Rc8 24. f3 Nf6 25. Ra1 Ne6 26. Be3 Nh5 27. Ra7 Kf8
28. g3 f5 29. Ra6 Kf7 30. Nd6+ Bxd6 31. Rxd6 f4 32. Bf2 Nf6 33. Kg2 Ra8 34. Bd3
Ra2 35. Bxg6+ Ke7 36. g4 Nxd4 37. g5 Ne8 38. Rxd5 Ne6 39. h4 N8c7 40. Rf5 Kd7
41. Bf7 Rb2 42. h5 Ke7 43. h6 gxh6 44. gxh6 Rb8 45. h7 Ng7 46. Rxf4 1-0

[Event "4NCL Division Two"]
[Site "Telford, ENG"]
[Date "2024.02.11"]
[EventDate "2024.02.11"]
[Round "6.65"]
[White "Webster, Peter A N"]
[WhiteElo "1905"]
[WhiteTeam "Cambridge University 2"]
[Black "Shaw, Dashiell L"]
[BlackElo "2195"]
[BlackTeam "Sussex Martlets 1"]
[Result "1/2-1/2"]

1. e4 c5 2. c3 Nf6 3. e5 Nd5 4. d4 cxd4 5. Nf3 Nc6 6. Bc4 Nb6 7. Bb3 d5 8. exd6
e6 9. Nxd4 Nxd4 10. Qxd4 Qxd6 11. Be3 Qxd4 12. Bxd4 Nd7 13. O-O b6 14. Nd2 Bb7
15. f4 Bc5 16. Nf3 O-O 17. Rad1 Rad8 18. Rf2 Bxd4 19. Rxd4 Nf6 20. Rfd2 Rxd4
21. Rxd4 Bxf3 22. gxf3 Rc8 23. Kf2 Kf8 24. Ke3 Ke7 25. Bc4 Rc5 26. b4 Rh5 27.
Rd2 Rh3 28. Rg2 g6 29. a4 Rh4 30. a5 Nh5 31. axb6 axb6 32. Ra2 Rxf4 33. Bb5 e5
34. Ra7+ Kd8 35. Rb7 Rf6 36. Ke4 Rf4+ 37. Ke3 Rf6 38. Ke4 Rf4+ 39. Ke3 Rf6
1/2-1/2

[Event "4NCL Division Two"]
[Site "Telford, ENG"]
[Date "2024.02.11"]
[EventDate "2024.02.11"]
[Round "6.66"]
[White "Blake, J Morgan"]
[WhiteElo "2118"]
[WhiteTeam "Sussex Martlets 1"]
[Black "Barwick, Carmel"]
[BlackElo "1866"]
[BlackTeam "Cambridge University 2"]
[Result "1/2-1/2"]

1. e4 c5 2. Nf3 e6 3. d4 cxd4 4. Nxd4 a6 5. a3 Nf6 6. Nc3 Qc7 7. Be3 Nc6 8. Be2
Be7 9. O-O O-O 10. f4 Nxd4 11. Qxd4 d5 12. exd5 Nxd5 13. Nxd5 exd5 14. c3 Re8
15. Bf3 Be6 16. Rad1 Rad8 17. Kh1 Qd7 18. Qd3 Qc8 19. Qd2 Bf6 20. Bd4 Be7 21.
Qf2 Bg4 22. Qg3 h5 23. h3 f5 24. hxg4 hxg4 25. Be5 Qe6 26. Qh2 gxf3 27. Rxf3
Bf6 28. Re1 Bxe5 29. Rxe5 Qg6 30. Rg3 Qf6 31. Rh3 Rxe5 32. fxe5 Qg5 33. Qg1 Re8
34. Qd4 Rd8 35. Kh2 f4 36. c4 Qf5 37. cxd5 b5 38. d6 Kf7 39. Rh4 g5 40. Rh6 Kg7
41. Rh3 g4 42. Rh4 g3+ 43. Kh1 Qb1+ 44. Qg1 Qf5 45. Qd1 Kf7 46. Rh5 Qe4 47. d7
a5 48. Rh4 Qxe5 49. Qf1 Rh8 50. d8=Q Rxd8 51. Qxf4+ Qxf4 52. Rxf4+ Ke6 53. Re4+
Kf5 54. Re1 a4 55. Kg1 Rd2 56. Rb1 Ke4 57. Kf1 Rf2+ 58. Kg1 Rc2 1/2-1/2

[Event "4NCL Division Two"]
[Site "Telford, ENG"]
[Date "2024.02.11"]
[EventDate "2024.02.11"]
[Round "6.67"]
[White "Phillips, William"]
[WhiteElo "1793"]
[WhiteTeam "Cambridge University 2"]
[Black "Salmons, Calum"]
[BlackElo "2148"]
[BlackTeam "Sussex Martlets 1"]
[Result "0-1"]

1. d4 d5 2. Nf3 Nf6 3. e3 c6 4. c4 e6 5. Be2 Nbd7 6. Nc3 Bd6 7. O-O O-O 8. Qc2
b6 9. cxd5 exd5 10. b3 Bb7 11. Bb2 Re8 12. Bd3 Qe7 13. Rfe1 Ne4 14. g3 Ndf6 15.
Ne5 c5 16. Nxe4 dxe4 17. Bc4 Bxe5 18. dxe5 Ng4 19. e6 fxe6 20. Rad1 Rad8 21.
Rxd8 Rxd8 22. Rd1 Bd5 23. Qe2 Qg5 24. h3 Nh6 25. h4 Qf5 26. Kg2 Ng4 27. Ba1 Rf8
28. Rf1 Bxc4 29. Qxc4 Nxf2 0-1

[Event "4NCL Division Two"]
[Site "Telford, ENG"]
[Date "2024.02.11"]
[EventDate "2024.02.11"]
[Round "6.68"]
[White "Howell, Susan C"]
[WhiteElo "1803"]
[WhiteTeam "Sussex Martlets 1"]
[Black "Velayutham, Sivanandan"]
[BlackElo "1500"]
[BlackTeam "Cambridge University 2"]
[Result "1-0"]

1. d4 d5 2. c4 c6 3. Nc3 Nf6 4. Nf3 e6 5. Bg5 Bb4 6. e3 Nbd7 7. Bd3 dxc4 8.
Bxc4 b5 9. Bd3 Qa5 10. Qc2 h6 11. Bh4 Nd5 12. O-O Bxc3 13. bxc3 Qxc3 14. Qxc3
Nxc3 15. Rfc1 b4 16. a3 Bb7 17. axb4 Nd5 18. b5 Nb4 19. Be4 f5 20. bxc6 fxe4
21. cxd7+ Kxd7 22. Ne5+ Ke8 23. Rc7 Bd5 24. Re7+ Kf8 25. Ng6+ Kg8 26. Raxa7
Rxa7 27. Rxa7 Rh7 28. Rc7 Na6 29. Rc8+ Kf7 30. Ne5# 1-0